Countries That Border Kazakhstan by Picture - Statistics

General Stats
  • This quiz has been taken 16 times
  • The average score is 5 of 5
Answer Stats
Picture Answer % Correct
China
100%
Russia
100%
Kyrgyzstan
94%
Turkmenistan
88%
Uzbekistan
88%
No matching quizzes found
Score Distribution
Percent of People with Each Score
Percentile by Number Answered
Your Score History
You have not taken this quiz